La peste en el siglo XX (Record no. 42419)

MARC details
000 -LEADER
campo de control de longitud fija 00723nam a2200217 i 4500
001 - NÚMERO DE CONTROL
campo de control 42419
003 - IDENTIFICADOR DE NÚMERO DE CONTROL
campo de control ES-MaACL
005 - FECHA Y HORA DE LA ÚLTIMA TRANSACCIÓN
campo de control 20250818173946.0
007 - CAMPO FIJO DE DESCRIPCIÓN FÍSICA--INFORMACIÓN GENERAL
campo de control de longitud fija t|
008 - DATOS DE LONGITUD FIJA--INFORMACIÓN GENERAL
campo de control de longitud fija 030320s1908 sp ||||1| spa d
100 1# - ENTRADA PRINCIPAL--NOMBRE DE PERSONA
Nombre de persona Ferrer, Victorino.
9 (RLIN) 50438
245 12 - MENCIÓN DEL TÍTULO
Título La peste en el siglo XX
Resto del título : cartas loímicas /
Mención de responsabilidad, etc. por Victorino y L. Comenge.
260 ## - PUBLICACIÓN, DISTRIBUCIÓN, ETC.
Lugar de publicación, distribución, etc. Barcelona :
Nombre del editor, distribuidor, etc. [s.n.],
Fecha de publicación, distribución, etc. 1908 (
Fabricante Imp. de Henrich y Cª)
300 ## - DESCRIPCIÓN FÍSICA
Extensión 132 p. ;
Dimensiones 25 cm.
594 ## - Nota al título y mención de responsabilidad
Nota al título y mención de responsabilidad Apellido de Victorino Ferrer en p. 124.
595 ## -
-- Tirada aparte de: Revista de ciencias médicas de Barcelona.
650 #4 - PUNTO DE ACCESO ADICIONAL DE MATERIA--TÉRMINO DE MATERIA
Término de materia o nombre geográfico como elemento de entrada Peste.
9 (RLIN) 136693
700 1# - ENTRADA AGREGADA--NOMBRE PERSONAL
Nombre de persona Comenge y Ferrer, Luis,
Fechas asociadas al nombre 1854-1916
9 (RLIN) 126554
852 ## - LOCALIZACIÓN
Ubicación ES-MaACL
Número de control de estantería T-1167-F-3
Holdings
Estatus retirado Estado de pérdida Estado de daño No para préstamo Colección Biblioteca de origen Biblioteca actual Ubicación en estantería Fecha de adquisición Fuente de adquisición Total de préstamos Signatura topográfica completa Código de barras Visto por última vez Precio de reemplazo Tipo de ítem Koha
        Colección de folletos Biblioteca del Ateneo de Madrid Biblioteca del Ateneo de Madrid Depósito folletos 17/01/2008     T-1167-F-3 1044638 23/02/2023 23/02/2023 Folleto